[Event "ROM-ch U14"]
[Site "Calimanesti"]
[Date "2015.04.01"]
[Round "3"]
[White "Dorobantu, Andrei Ovidiu"]
[Black "Dobra, Robert Cristian"]
[Result "1-0"]
[WhiteElo "1001"]
[BlackElo "1121"]
[PlyCount "57"]
[EventDate "2015.03.30"]
[EventType "swiss"]
[EventRounds "9"]
[EventCountry "ROU"]
[SourceTitle "CBM 165 Extra"]
[Source "ChessBase"]
[SourceDate "2015.04.21"]
[SourceVersion "1"]
[SourceVersionDate "2015.04.21"]
[SourceQuality "1"]

1. c4 e5 2. g3 f5 3. Bg2 Nf6 4. e3 Be7 5. Ne2 Nc6 6. 0-0 d6 7. Nbc3 Be6 8. b3 Qd7 9. f4 e4 10. Bb2 Nb4 11. Nc1 0-0 12. d4 Bf7 13. d5 Rad8 14. Ba3 a5 15. N1e2 c6 16. dxc6 bxc6 17. Qd2 Be6 18. Nd4 d5 19. Nxe6 Qxe6 20. cxd5 cxd5 21. Rfd1 Rc8 22. Qd4 Rfd8 23. Rac1 Nd3 24. Bxe7 Qxe7 25. Nxd5 Nxd5 26. Rxc8 Rxc8 27. Qxd5+ Kf8 28. Qxf5+ Qf6 29. Qxc8+ 1-0